Hypotekárne bankovníctvo v Nemecku po prijatí novej legislatívy
Hypotekárne bankovníctvo v Nemecku predstavovalo základný model pre mnohé európske krajiny, medzi nimi aj pre Českú a Slovenskú republiku. Prvý zákon o hypotekárnom bankovníctve v Nemecku (1900) platil s malými zmenami až do roku 2005, kedy došlo k významnej zmene legislatívy. Bol prijatý zákon o hy...
Gespeichert in:
| 1. Verfasser: | |
|---|---|
| Format: | Buchkapitel |
| Sprache: | Slowakisch |
| Schlagworte: | |
| Tags: |
Keine Tags, Fügen Sie das erste Tag hinzu!
|
MARC
| LEADER | 00000naa$a2200000$$$4500 | ||
|---|---|---|---|
| 001 | 0059781 | ||
| 005 | 20240502083142.2 | ||
| 041 | 0 | |a slo | |
| 044 | |a CZ | ||
| 245 | 1 | 0 | |a Hypotekárne bankovníctvo v Nemecku po prijatí novej legislatívy |c Eva Horvátová |
| 520 | |a Hypotekárne bankovníctvo v Nemecku predstavovalo základný model pre mnohé európske krajiny, medzi nimi aj pre Českú a Slovenskú republiku. Prvý zákon o hypotekárnom bankovníctve v Nemecku (1900) platil s malými zmenami až do roku 2005, kedy došlo k významnej zmene legislatívy. Bol prijatý zákon o hypotekárnych záložných listoch, ktorý kladie na prvé miesto hypotekárne záložné listy, upúšťa od princípu špecializácie a prináša viaceré inšpirácie pre európske krajiny. Finančné inovácie v oblasti hypotekárnych záložných listov - záložné listy Jumbo a Global. Finančné inovácie v oblasti hypotekárnych úverov. | ||
| 610 | 2 | 0 | |a bankovníctvo hypotekárne |
| 610 | 2 | 0 | |a Nemecko |
| 610 | 2 | 0 | |a Európa |
| 610 | 2 | 0 | |a legislatíva |
| 610 | 2 | 0 | |a listy záložné hypotekárne |
| 610 | 2 | 0 | |a úver hypotekárny |
| 100 | 1 | |a Horvátová, Eva, 1958- | |